00000000nas 2200000zi 4500
0019.954396
003CaOODSP
00520250911161246
006m     o  d f      
007cr cn ||||||||
008250822c20159999onchr p o s  f0###a0eng|d
020 |z9781100258881|z9780660281797|z9780660444116
022 |a2819-604X
040 |aCaOODSP|beng|erda|cCaOODSP
043 |an-cn---
0861 |aIu186-6E-PDF|zIu188-113/3-2015E-PDF|zIu188-113/3-2018E-PDF|zIu188-113/3-2022E-PDF
222 0|aSME profile. Tourism industries in Canada
24500|aSME profile. |pTourism industries in Canada / |cSmall Business Branch, Research and Analysis Directorate.
24630|aTourism industries in Canada
264 1|aOttawa, ON, Canada : |bIndustry Canada = Industrie Canada, |c[2015]-
310 |aTriennial
336 |atext|2rdacontent
337 |acomputer|2rdamedia
338 |aonline resource|2rdacarrier
3621 |aBegan with: March 2015.
500 |aIssued also in French under title: Profil des PME. Les industries touristiques au Canada.
550 |aIssued by: Innovation, Science and Economic Development Canada, Tourism Branch, 2018-
588 |aDescription based on: March 2015.
588 |aLatest issue consulted: 2020.
650 0|aSmall business|zCanada|vStatistics|vPeriodicals.
650 0|aSmall business|zCanada|xFinance|vPeriodicals.
650 0|aTourism|zCanada|vPeriodicals.
655 7|aStatistics|2lcgft
655 7|aPeriodicals|2lcgft
7101 |aCanada. |bIndustry Canada, |eissuing body.
7101 |aCanada. |bSmall Business Branch. |bResearch and Analysis Directorate, |eissuing body.
7101 |aCanada. |bInnovation, Science and Economic Development Canada, |eissuing body.
77508|tProfil des PME. |w(CaOODSP)9.954395